[Event "Stay Safe Play From Home 220"]
[Site "T#646737Emanuel Laske"]
[Date "2020.06.12"]
[Round "1"]
[White "Little champs"]
[Black "Haris kollari 13"]
[Result "1-0"]
[WhiteElo "2215"]
[BlackElo "1798"]
[Annotator "NA RC"]
[PlyCount "79"]
[EventDate "2020.06.12"]
[EventType "swiss (blitz)"]

1. d4 {[%emt 0:00:04]} e6 {[%emt 0:00:00]} 2. e3 {[%emt 0:00:01]} d5 {[%emt 0:00:00]} 3. Nf3 {[%emt 0:00:00]} c5 {[%emt 0:00:00]} 4. Be2 {[%emt 0:00:00]} Nc6 {[%emt 0:00:00]} 5. O-O {[%emt 0:00:00]} f5 {[%emt 0:00:00]} 6. dxc5 {[%emt 0:00:01]} Nf6 {[%emt 0:00:01]} 7. c4 {[%emt 0:00:00]} dxc4 {[%emt 0:00:02]} 8. Bxc4 {[%emt 0:00:02]} Qxd1 {[%emt 0:00:02]} 9. Rxd1 {[%emt 0:00:01]} Bxc5 {[%emt 0:00:01]} 10. Ng5 {[%emt 0:00:00]} Ke7 {[%emt 0:00:04]} 11. Nc3 {[%emt 0:00:01]} a6 {[%emt 0:00:03]} 12. a4 {[%emt 0:00:01]} h6 {[%emt 0:00:04]} 13. Nf3 {[%emt 0:00:01]} Rd8 {[%emt 0:00:02]} 14. Bd2 {[%emt 0:00:01]} Bd7 {[%emt 0:00:01]} 15. Be1 {[%emt 0:00:01]} Be8 {[%emt 0:00:01]} 16. a5 {[%emt 0:00:03]} Bh5 {[%emt 0:00:02]} 17. Na4 {[%emt 0:00:01]} Ba7 {[%emt 0:00:03]} 18. Nb6 {[%emt 0:00:01]} Bxb6 {[%emt 0:00:02]} 19. axb6 {[%emt 0:00:01]} Bxf3 {[%emt 0:00:01]} 20. gxf3 {[%emt 0:00:01]} Rxd1 {[%emt 0:00:01]} 21. Rxd1 {[%emt 0:00:01]} Rd8 {[%emt 0:00:00]} 22. Ra1 {[%emt 0:00:02]} Nd5 {[%emt 0:00:03]} 23. Kg2 {[%emt 0:00:07]} Nxb6 {[%emt 0:00:01]} 24. Be2 {[%emt 0:00:02]} Nd5 {[%emt 0:00:02]} 25. b4 {[%emt 0:00:01]} Ndxb4 {[%emt 0:00:02]} 26. Rb1 {[%emt 0:00:01]} a5 {[%emt 0:00:01]} 27. Bb5 {[%emt 0:00:02]} Rc8 {[%emt 0:00:06]} 28. Ra1 {[%emt 0:00:03]} Ra8 {[%emt 0:00:03]} 29. h4 {[%emt 0:00:02]} g5 {[%emt 0:00:02]} 30. hxg5 {[%emt 0:00:01]} hxg5 {[%emt 0:00:01]} 31. Kg3 {[%emt 0:00:00]} Kd6 {[%emt 0:00:01]} 32. Bd2 {[%emt 0:00:01]} Kc5 {[%emt 0:00:01]} 33. Be2 {[%emt 0:00:02]} Nc2 {[%emt 0:00:02]} 34. Rc1 {[%emt 0:00:01]} N6b4 {[%emt 0:00:01]} 35. Bd1 {[%emt 0:00:01]} Rc8 {[%emt 0:00:02]} 36. Bxc2 {[%emt 0:00:01]} Kb6 {[%emt 0:00:01]} 37. Bb3 {[%emt 0:00:01]} Rxc1 {[%emt 0:00:01]} 38. Bxc1 {[%emt 0:00:00]} Kb5 {[%emt 0:00:00]} 39. Bxe6 {[%emt 0:00:01]} a4 {[%emt 0:00:01]} 40. Bxf5 {[%emt 0:00:00] Time (Lag: Av=0.60s, max=1.0s)} 1-0

[Event "Stay Safe Play From Home 220"]
[Site "T#646737Emanuel Laske"]
[Date "2020.06.12"]
[Round "1"]
[White "Lazieri3"]
[Black "Fischer_11"]
[Result "1-0"]
[WhiteElo "1979"]
[BlackElo "2056"]
[Annotator "NA RC"]
[PlyCount "79"]
[EventDate "2020.06.12"]
[EventType "swiss (blitz)"]

1. e4 {[%emt 0:00:02]} Nf6 {[%emt 0:00:01]} 2. Nc3 {[%emt 0:00:00]} d5 {[%emt 0:00:01]} 3. d4 {[%emt 0:00:00]} Nxe4 {[%emt 0:00:01]} 4. Nxe4 {[%emt 0:00:01]} dxe4 {[%emt 0:00:00]} 5. Bc4 {[%emt 0:00:01]} c5 {[%emt 0:00:01]} 6. dxc5 {[%emt 0:00:02]} Qxd1+ {[%emt 0:00:01]} 7. Kxd1 {[%emt 0:00:00]} e5 {[%emt 0:00:01]} 8. b4 {[%emt 0:00:03]} Nc6 {[%emt 0:00:02]} 9. c3 {[%emt 0:00:01]} Bg4+ {[%emt 0:00:03]} 10. Ke1 {[%emt 0:00:04]} f6 {[%emt 0:00:01]} 11. Be3 {[%emt 0:00:01]} O-O-O {[%emt 0:00:02]} 12. Ne2 {[%emt 0:00:00]} Bxe2 {[%emt 0:00:02]} 13. Kxe2 {[%emt 0:00:01]} Be7 {[%emt 0:00:02]} 14. a4 {[%emt 0:00:01]} Kc7 {[%emt 0:00:01]} 15. a5 {[%emt 0:00:01]} a6 {[%emt 0:00:01]} 16. Rhd1 {[%emt 0:00:02]} Na7 {[%emt 0:00:01]} 17. Rab1 {[%emt 0:00:04]} Nb5 {[%emt 0:00:01]} 18. Bxb5 {[%emt 0:00:01]} axb5 {[%emt 0:00:00]} 19. Rdc1 {[%emt 0:00:02]} Rd3 {[%emt 0:00:03]} 20. c4 {[%emt 0:00:01]} bxc4 {[%emt 0:00:02]} 21. Rxc4 {[%emt 0:00:00]} f5 {[%emt 0:00:03]} 22. b5 {[%emt 0:00:01]} Rhd8 {[%emt 0:00:03]} 23. c6 {[%emt 0:00:01]} R3d5 {[%emt 0:00:05]} 24. Bb6+ {[%emt 0:00:01]} Kc8 {[%emt 0:00:05]} 25. cxb7+ {[%emt 0:00:01]} Kxb7 {[%emt 0:00:01]} 26. Bxd8 {[%emt 0:00:01]} Bxd8 {[%emt 0:00:01]} 27. a6+ {[%emt 0:00:03]} Kb6 {[%emt 0:00:01]} 28. Rc6+ {[%emt 0:00:01]} Ka7 {[%emt 0:00:01]} 29. b6+ {[%emt 0:00:02]} Kb8 {[%emt 0:00:01]} 30. b7 {[%emt 0:00:04]} Bc7 {[%emt 0:00:04]} 31. Rxc7 {[%emt 0:00:01]} Kxc7 {[%emt 0:00:01]} 32. b8=Q+ {[%emt 0:00:01]} Kd7 {[%emt 0:00:00]} 33. a7 {[%emt 0:00:00]} Ke6 {[%emt 0:00:00]} 34. a8=Q {[%emt 0:00:01]} f4 {[%emt 0:00:00]} 35. Qg8+ {[%emt 0:00:01]} Kf6 {[%emt 0:00:02]} 36. Qaxd5 {[%emt 0:00:00]} f3+ {[%emt 0:00:00]} 37. Ke3 {[%emt 0:00:01]} fxg2 {[%emt 0:00:01]} 38. Qde6+ {[%emt 0:00:00]} Kg5 {[%emt 0:00:01]} 39. Qxg7+ {[%emt 0:00:01]} Kh4 {[%emt 0:00:01]} 40. Qeg4# {[%emt 0:00:00] (Lag: Av=0.43s, max=2.2s)} 1-0

[Event "Stay Safe Play From Home 220"]
[Site "T#646737Emanuel Laske"]
[Date "2020.06.12"]
[Round "1"]
[White "Haxhi Baha"]
[Black "Justwatch"]
[Result "0-1"]
[WhiteElo "1970"]
[BlackElo "1810"]
[Annotator "TA"]
[PlyCount "76"]
[EventDate "2020.06.12"]
[EventType "swiss (blitz)"]

{[%evp 16,76,35,18,78,76,111,107,150,71,77,61,79,88,79,35,79,76,141,101,120,86,90,52,76,38,174,37,295,-38,278,281,283,268,240,42,33,-25,-29,-114,-114,-110,-72,-92,-82,-651,-619,-752,-281,-283,-239,-451,-453,-677,-620,-759,-747,-887,-661,-680,-664,-651,-593]} 1. e4 Nf6 2. Nc3 e5 3. Bc4 d6 4. d3 Nc6 5. f4 Bg4 6. Nf3 Bxf3 7. Qxf3 Nd4 8. Qf2 Be7 9. h3 h6 {C28: Vienna Game: 2...Nf6 3 Bc4 Nc6.} (9... O-O $11 {keeps the balance.}) 10. O-O $16 a6 11. Be3 {[#]} b5 $146 {White is better.} ({Predecessor:} 11... Ne6 12. fxe5 dxe5 13. Bxe6 fxe6 14. Qg3 Qd7 15. Qg6+ Kf8 16. Rf3 Qe8 17. Qg3 Kg8 18. Qxe5 {1-0 (73) Bardossi,J (2161)-Szukics,A (1894) Hungary 2014}) 12. Bb3 (12. fxe5 $142 dxe5 13. Bd5) 12... Nxb3 13. axb3 {aiming for fxe5.} exf4 14. Qxf4 O-O 15. Rf3 Kh8 16. Raf1 Nh5 (16... Nd7 $142) 17. Qg4 Nf6 18. Qf5 Nh7 19. Nd5 Bg5 20. Bd4 {Black must now prevent Qg4.} f6 {[#]} (20... c6 $1 $14) 21. g3 (21. h4 $1 $18 {[%cal Rh4g5]} Bxh4 22. Nf4) 21... Qc8 $2 {[%mdl 8192]} (21... c6 $14) 22. Qg6 $2 (22. Qxc8 $18 Raxc8 23. Ne7) 22... Qe8 $2 {[%mdl 8192]} (22... Qxh3 $15 {keeps the upper hand.} 23. b4 (23. Nxc7 Rac8 $15) 23... c6) 23. Qxe8 $18 Raxe8 24. Nxc7 Rc8 25. Ne6 $2 {[#]} ({Better is} 25. Nxa6 $18 {Strongly threatening h4.} Rxc2 26. Nb4) 25... Rfe8 $14 26. Nxg5 (26. Nf4 $14) 26... Nxg5 $11 27. Re3 (27. Rf5 $11) 27... Rxc2 $17 28. h4 Nh3+ 29. Kh1 Nf2+ 30. Kg2 $2 {[%mdl 8192]} (30. Kg1 $17 Ng4 31. Ree1) 30... Ng4+ $19 31. Kf3 Nxe3 $2 (31... Nh2+ 32. Kf4 Nxf1) 32. Kxe3 {[%mdl 4096] Endgame KRR-KRB} Rg2 33. Bc3 $2 (33. Kf3 Rc2 34. Rd1) 33... Rxg3+ {Black is clearly winning.} 34. Kf4 (34. Kd4 $142) 34... Rh3 35. Kg4 Rxd3 36. e5 Rxe5 37. Bxe5 dxe5 38. h5 Rd4+ {Black used his chance. Accuracy: White = 18%, Black = 35%.} 0-1

[Event "Stay Safe Play From Home 220"]
[Site "T#646737Emanuel Laske"]
[Date "2020.06.12"]
[Round "1"]
[White "buzaglo"]
[Black "Grizzzly"]
[Result "1-0"]
[WhiteElo "1935"]
[BlackElo "1756"]
[Annotator "TA"]
[PlyCount "71"]
[EventDate "2020.06.12"]
[EventType "swiss (blitz)"]

{[%evp 9,71,34,65,62,81,24,28,21,24,0,20,18,28,0,0,-30,-34,-54,-20,-141,-39,-43,-48,-123,-82,-678,-654,-627,-631,-1121,-1098,-1133,-1117,-29989,-1662,-1625,-872,-820,16,-76,-76,-76,57,0,0,-36,514,98,98,42,95,91,862,847,908,855,29993,29994,29995,12844,29995,29996,29996,29997]} 1. d4 d6 2. Nf3 Nf6 3. g3 Bg4 4. Bg2 Nbd7 5. O-O e5 6. h3 {A46: 1 d4 Nf6 2 Nf3 e6: Torre, London and Colle Systems.} Bh5 {[#]} 7. dxe5 $146 (7. Nh4 $16) ({Predecessor:} 7. g4 Bg6 8. c4 c6 9. Nc3 Ne4 10. Qb3 Qc7 11. Be3 exd4 12. Bxd4 Ndc5 13. Qd1 {0-1 (49) Obiamiwe,P (2023)-Willmoth,R (2214) London 2010}) 7... dxe5 $11 8. c4 {White has an edge.} Be7 9. Bg5 O-O 10. Nc3 h6 11. Bd2 c6 12. g4 Bg6 13. Rc1 Qc7 14. b3 (14. Nh4 $11) 14... Rad8 (14... Ba3 $17 {Strongly threatening ...Nc5.} 15. Ra1 Bb2) 15. Nh4 $15 Bh7 $36 {[%mdl 2048] Black is more active.} 16. e4 (16. Nf5 $15 Ba3 17. Rb1) 16... Nc5 {[%cal Rf6e4]} 17. f4 $2 {[%mdl 8192]} (17. Nf5 $17) 17... Ncxe4 18. Nxe4 Nxe4 19. Rc2 Bxh4 20. Bxe4 Bxe4 21. Rb2 exf4 (21... Qb6+ $142 22. c5 Qxc5+ 23. Kh2 Rd3 $1 {[%mdl 512]} 24. Rf3 Rxf3 25. Qxf3 Bxf3 26. Be1 Bxe1 27. h4 exf4 28. Rg2 Bxg2 29. a4 Bg3+ 30. Kxg2 Qf2+ 31. Kh3 Qh2#) 22. Qe2 $19 Bg6 23. Bxf4 Rfe8 $2 {[#]} (23... Qa5 $19 24. b4 Qa4) 24. Bxc7 (24. Qxe8+ $1 $11 {[%mdl 512] remains equal.} Rxe8 25. Bxc7) 24... Rxe2 $17 25. Rxe2 {[#]} Rd3 (25... Rc8 $1 $17 {[%cal Rc8c7]} 26. Bd6 Bd3) 26. Bh2 (26. Kg2 $14) 26... Rxh3 $11 27. Kg2 Bd3 $2 {[%mdl 8192]} (27... Rd3 $15 {keeps the upper hand.}) 28. Kxh3 $2 (28. Re8+ $18 {and the rest is easy.} Kh7 29. Kxh3 Bxf1+ 30. Kxh4) 28... Bxe2 $18 {[%mdl 4096] Endgame KRB-KB} 29. Rf4 ({Better is} 29. Rh1 $16 Bf6 30. Re1) 29... Bg5 (29... g5 $14) 30. Re4 $16 h5 $2 {[%mdl 8192]} (30... Bd3 $16 31. Re8+ Kh7) 31. Rxe2 $18 hxg4+ 32. Kxg4 f5+ 33. Kxg5 Kf7 34. Be5 (34. Bd6 $142 f4 35. Re7+ {[%mdl 64] Double Attack} Kg8 36. Kg6 Kf8 37. Re6+ Kg8 38. Re8#) 34... g6 35. Bf6 c5 36. Re7+ {[%mdl 64] Double Attack. Accuracy: White = 31%, Black = 33%.} 1-0

[Event "Stay Safe Play From Home 220"]
[Site "T#646737Emanuel Laske"]
[Date "2020.06.12"]
[Round "1"]
[White "EL sanbary"]
[Black "Mepe_Nika"]
[Result "0-1"]
[WhiteElo "1907"]
[BlackElo "2353"]
[Annotator "TA"]
[PlyCount "78"]
[EventDate "2020.06.12"]
[EventType "swiss (blitz)"]

{[%evp 14,78,-2,-4,0,-3,0,0,0,0,0,0,0,0,9,9,25,0,0,0,0,0,0,0,0,-19,-22,-18,-31,-61,-17,-147,-133,-159,-162,-147,-137,-132,-62,-239,-172,-391,-206,-350,-365,-542,-443,-464,-464,-662,-639,-712,-693,-652,-612,-29967,-29967,-29981,-29976,-29977,-29977,-29982,-29978,-29983,-29982,-29997,-1570]} 1. c4 c6 2. g3 d5 3. cxd5 cxd5 4. d4 Nc6 5. Bg2 Nf6 6. Nf3 Bf5 7. O-O e6 8. Nc3 h6 {D13: Slav Defence: Exchange variation without ...Bf5.} 9. Ne5 Be7 10. Nxc6 bxc6 {The position is equal.} 11. Na4 {[#]} O-O $146 ({Predecessor:} 11... Nd7 12. Be3 Qa5 13. b3 O-O 14. f3 Bg6 15. Qe1 Qxe1 16. Rfxe1 Rfc8 17. Kf2 c5 18. dxc5 Nxc5 19. Nxc5 Bxc5 {½-½ (56) Kovacevic,V (2485)-Spacek,P (2390) Germany 1992}) 12. b3 Nd7 13. Bb2 Bf6 14. Rc1 Rc8 15. Ba3 Re8 16. Nc5 Nxc5 17. Bxc5 Qa5 18. a4 Be7 19. b4 Qa6 20. Bxe7 Rxe7 21. Qb3 Rb7 22. e3 (22. b5 $11) 22... Rcb8 $17 23. b5 cxb5 24. axb5 Qxb5 25. Qa3 a5 (25... Ra8 $17 26. Rc5 Qe2) 26. h4 $2 {[#] Loses the game.} (26. Rc5 $15 Qe2 27. Qxa5) 26... a4 $36 {[%mdl 2048] Black is on the roll.} 27. Rc5 $2 (27. Ra1) 27... Qb3 (27... Qa6 $142 {White must now prevent ...Rb3.} 28. Qc3 Rb3) 28. Qc1 (28. Rc3 $142 Qb2 29. Qxb2 Rxb2 30. Ra3) 28... Bd3 29. Rd1 (29. Re1 {was forced.} Bc4 30. Bf1) 29... Bc4 30. Bf1 {[%cal Rf1c4]} a3 31. Bxc4 (31. Ra5 $142 a2 32. Qd2 Qxd1 {[%mdl 64] Promotion} 33. Qxd1) 31... dxc4 32. Rxc4 a2 {[#] Strongly threatening ...Qxd1+!} 33. Rc8+ Kh7 {And now ...Rxc8 would win.} 34. Rxb8 Rxb8 {KQR-KQR. Black mates.} 35. Qa1 Qb1 36. Kh2 Qc2 37. Re1 Rb1 38. Rxb1 axb1=Q 39. Qa7 Qxf2+ {[%mdl 64] Double Attack. Accuracy: White = 48%, Black = 77%.} 0-1

[Event "Stay Safe Play From Home 220"]
[Site "T#646737Emanuel Laske"]
[Date "2020.06.12"]
[Round "1"]
[White "Ovsaik"]
[Black "Lamborghini"]
[Result "0-1"]
[WhiteElo "1905"]
[BlackElo "2286"]
[Annotator "TA"]
[PlyCount "52"]
[EventDate "2020.06.12"]
[EventType "swiss (blitz)"]

{[%evp 9,52,-6,-8,-16,-12,-12,0,-13,-5,-19,-16,-29,-7,-34,-14,-50,-35,-50,-19,-322,-319,-312,-312,-324,-300,-325,-296,-394,-365,-387,-393,-420,-426,-464,-465,-464,-456,-696,-598,-644,-616,-834,-847,-833,-833]} 1. e4 d6 2. Nf3 Nf6 3. d3 g6 4. c3 Bg7 5. Be2 O-O 6. O-O {B07: Pirc Defence: Miscellaneous Systems.} e5 7. Nbd2 c5 8. Qc2 {The position is equal.} Nc6 {[#]} 9. h3 $146 ({Predecessor:} 9. a3 Be6 10. b4 a6 11. Rb1 b5 12. Ng5 Bd7 13. Nb3 cxb4 14. axb4 Qc7 15. Bd1 Rfc8 {0-1 (38) Papadopoulos,P (2247)-Bashirli,N (2383) Belgrade 2019}) 9... b6 10. Re1 Bb7 11. Nf1 Rc8 12. Be3 d5 13. Rac1 d4 14. Qd2 $2 {[%mdl 8192] [#] Loses the game.} (14. Bg5 $11 {and White is okay.}) 14... dxe3 $19 15. Nxe3 Qd7 16. Red1 Rcd8 17. Qe1 Rfe8 18. g4 Qc8 19. Nh2 Nd7 20. Bf3 Nf8 21. Kg2 {Black is clearly winning.} Ne6 22. Kh1 Nf4 23. Nef1 (23. Qf1 $142) 23... Nxh3 24. Rd2 Nf4 25. Ng3 Nxd3 26. Rxd3 Rxd3 {Accuracy: White = 37%, Black = 77%.} 0-1

[Event "Stay Safe Play From Home 220"]
[Site "T#646737Emanuel Laske"]
[Date "2020.06.12"]
[Round "1"]
[White "Edmatuag"]
[Black "Toosieslide"]
[Result "0-1"]
[WhiteElo "1758"]
[BlackElo "2255"]
[Annotator "TA"]
[PlyCount "52"]
[EventDate "2020.06.12"]
[EventType "swiss (blitz)"]

{[%evp 9,52,6,0,-2,20,25,21,18,33,0,-6,-4,0,-4,-4,0,27,10,17,0,0,-44,-35,-50,-18,-61,-62,-58,-61,-100,5,-66,-66,-87,-57,-57,-57,-57,-57,-68,-68,-68,-68,-68,-68]} 1. e4 e5 2. Nc3 Nf6 3. Nf3 Nc6 4. Bb5 Nd4 5. Nxd4 exd4 6. Nd5 {C48: Four Knights: 4 Bb5, replies other than 4...Bb4.} c6 7. Nxf6+ Qxf6 8. Bc4 {The position is equal.} Bd6 {[#]} 9. Qf3 $146 (9. O-O {feels hotter.} b5 10. Bd3 Qh6 11. g3 O-O 12. f4) ({Predecessor:} 9. d3 O-O 10. a4 Bc7 11. O-O Rd8 12. Bd2 d5 13. exd5 cxd5 14. Bb3 Qd6 15. Qh5 {1-0 (39) Kouros,A (1439)-Themelis,G (1729) Achaea 2012}) 9... Qxf3 10. gxf3 b5 11. Bb3 c5 $36 {[%mdl 2048] Black fights for an advantage.} 12. d3 a5 {[#] Strongly threatening ...c4!} 13. a4 b4 14. Bc4 Ba6 15. Bxa6 Rxa6 16. b3 g6 17. O-O Be7 18. Kh1 Re6 19. f4 {[#]} O-O (19... d5 $1 $17 {[%mdl 512]} 20. f3 (20. exd5 Re2) 20... Kd7) 20. Bd2 (20. f5 $1 $11 Ra6 21. Bh6) 20... f5 $15 21. f3 Rd8 22. Rae1 {Black is slightly better.} Kf7 23. exf5 gxf5 24. Rxe6 dxe6 25. Re1 Rd5 26. Re2 Bd6 {Accuracy: White = 69%, Black = 77%.} 0-1

[Event "Stay Safe Play From Home 220"]
[Site "T#646737Emanuel Laske"]
[Date "2020.06.12"]
[Round "1"]
[White "Trotsky"]
[Black "Greblah"]
[Result "1-0"]
[WhiteElo "1614"]
[BlackElo "1912"]
[Annotator "TA"]
[PlyCount "51"]
[EventDate "2020.06.12"]
[EventType "swiss (blitz)"]

{[%evp 9,50,-61,-13,-31,-12,-72,-26,-49,12,-68,15,-35,-44,-91,-90,-98,-65,-73,-56,-64,29997,29998,29998,-433,-425,-802,-811,-863,-848,-850,-876,-881,-877,-842,-861,-1418,-1049,-987,-775,-749,-779,-750,29999]} 1. d4 c6 2. e3 d5 3. c4 Nf6 4. Nc3 e6 5. c5 Be7 6. Bd3 {D31: Queen's Gambit Declined: Semi-Slav without ...Nf6 (+ Marshall Gambit and Noteboom) and Exchange Variation lines without ...Nf6.} O-O 7. Qc2 (7. a3 $11) 7... Nbd7 8. Nf3 {Black has an edge.} Re8 {[#]} (8... b6 $15) 9. Ng5 $146 ({Better is} 9. b4 $11) ({Predecessor:} 9. O-O Nf8 10. Ne5 Bd7 11. f4 b6 12. cxb6 axb6 13. Rf3 g6 14. Ne2 Nh5 15. g4 {1-0 (44) Gueriche,G (1750)-Turlin,S (1640) Le Grand Bornand 2007}) 9... Nf8 (9... h6 $15 10. Nf3 b6) 10. h4 h6 11. Bd2 b6 12. e4 dxe4 13. Ncxe4 Nxe4 14. Bxe4 {Threatening mate with Bh7+.} Bb7 $2 {[%mdl 8192] [#]} (14... hxg5 $15 15. hxg5 g6 16. Bxc6 Bd7) 15. Bh7+ $1 Nxh7 16. Nxf7 $4 {[%mdl 8192]} (16. Qxh7+ {was the only winning move.} Kf8 17. Qh8#) 16... Kxf7 $19 17. O-O-O (17. Qxh7 $142 Rh8 18. Qe4) 17... Nf6 18. f3 bxc5 19. g4 cxd4 20. g5 d3 21. Qb3 Nd5 {Hoping for ...Ba6.} 22. h5 Rb8 {...Ba6 is the strong threat.} 23. Qxd3 hxg5 24. Qg6+ Kf8 25. h6 Nf4 $4 {[%mdl 8192] [#]} (25... Bf6 $19 26. h7 Ke7 27. Bxg5 Bxg5+ 28. Qxg5+ Kf7 29. Qxd8 Rexd8) 26. Qxg7# {Accuracy: White = 46%, Black = 31%.} 1-0

[Event "Stay Safe Play From Home 220"]
[Site "T#646737Emanuel Laske"]
[Date "2020.06.12"]
[Round "2"]
[White "Lamborghini"]
[Black "Trotsky"]
[Result "1-0"]
[WhiteElo "2290"]
[BlackElo "1643"]
[Annotator "TA"]
[PlyCount "57"]
[EventDate "2020.06.12"]
[EventType "swiss (blitz)"]

{[%evp 17,57,141,129,121,620,619,612,603,705,715,705,706,741,738,1229,1170,1309,796,1182,974,1172,946,1199,788,818,807,829,797,805,752,987,992,1346,1052,1605,1586,1568,1520,1485,1484,1576,1413]} 1. e4 c5 2. Nf3 Nc6 3. d4 cxd4 4. Nxd4 Nf6 5. Nc3 e6 6. Ndb5 d6 7. Bf4 e5 8. Bg5 Be7 9. Bxf6 gxf6 10. Nd5 {Hoping for Nbc7+. B33: Sicilian: Pelikan and Sveshnikov Variations.} a6 $2 {[%mdl 8192]} (10... O-O $16) 11. Nbc7+ $18 {[%mdl 64] [#] Double Attack. White is clearly winning.} Kf8 12. Nxa8 {[#]} Nd4 $146 ({Predecessor:} 12... Be6 13. Nac7 {1-0 (12) Pawlick,H (1945)-Graffenberger,W (1626) Binz 2017}) 13. c3 Ne6 14. Nab6 Ng5 15. Bd3 Kg7 16. h4 Ne6 17. Qf3 Rg8 18. O-O-O Kh8 19. Kb1 Nc5 20. Qe3 Bd7 21. Nxd7 Qxd7 22. Bc2 b5 23. g3 b4 24. cxb4 Nb7 25. a3 Rc8 26. Nb6 Qc6 27. Nxc8 Qxc8 28. Bb3 a5 29. Bd5 {White took control after the opening.} 1-0

[Event "Stay Safe Play From Home 220"]
[Site "T#646737Emanuel Laske"]
[Date "2020.06.12"]
[Round "2"]
[White "Toosieslide"]
[Black "Mepe_Nika"]
[Result "0-1"]
[WhiteElo "2256"]
[BlackElo "2356"]
[Annotator "TA"]
[PlyCount "80"]
[EventDate "2020.06.12"]
[EventType "swiss (blitz)"]

{[%evp 9,79,17,0,0,30,10,10,-22,-36,-25,4,0,19,4,50,7,72,25,53,12,16,-43,11,0,18,-35,-43,-42,-38,-55,-45,-63,-66,-123,-6,-115,-33,-152,21,-17,-6,-16,-25,-13,0,-14,-17,-388,-379,-766,-735,-1171,-861,-845,-791,-29983,-977,-29974,-12817,-29992,-29992,-29992,-29991,-29993,-29994,-29995,-29996,-29996,-29997,-29998,-29999,-29999]} 1. d4 c5 2. d5 d6 3. c4 g6 4. Nc3 Bg7 5. Bd2 Nf6 6. e4 {A43: Schmid Benoni.} O-O 7. f3 {[#]} e6 $146 ({Predecessor:} 7... a6 8. Qc2 Nbd7 9. Nh3 Nb6 10. Nf2 e6 11. O-O-O exd5 12. cxd5 Nbd7 13. Bf4 Qc7 14. g4 b5 {0-1 (25) Van Deelen,M-Crumpler,K (1738) Stillwater 2011}) 8. Bd3 {The position is equal.} exd5 9. cxd5 Na6 10. Nge2 Nc7 11. O-O $36 {[%mdl 2048] White has good play.} Rb8 12. a4 {[%cal Ba2a4,Ba4a5][%mdl 32]} a6 (12... Nd7 $11) 13. a5 Bd7 14. Na4 Bb5 15. Bxb5 ({White should play} 15. Bc3 $11) 15... Nxb5 (15... axb5 $15 16. Nb6 Re8) 16. Nb6 Nd7 17. Nxd7 (17. Nc4 $11) 17... Qxd7 $15 18. Nc3 Nd4 19. Be3 f5 20. Qd3 Rbe8 21. Rae1 (21. Bf2 $15) 21... h6 (21... Qc7 $17 22. Bf4 c4) 22. Qd2 {[#]} (22. Bf2 $11) 22... Kh7 (22... Nb3 $1 $17 {[%cal Rb3d2]} 23. Qc2 Nxa5) 23. Ne2 ({Only move:} 23. Qd1 $1 $15) 23... Qa4 $2 ({Resist} 23... fxe4 24. Nxd4 cxd4 25. Bxd4 $15) (23... Nxe2+ $17 24. Rxe2 fxe4) 24. Nxd4 (24. Bxd4 $5 Bxd4+ 25. Nxd4 Qxd4+ 26. Qxd4 cxd4 27. exf5 $11) 24... cxd4 25. Bf4 fxe4 26. fxe4 Qd7 27. Qb4 Rf6 28. e5 $2 {[%mdl 8192] Now White is beyond hope.} (28. Rf3 $11 {and White has nothing to worry.}) 28... dxe5 $19 {[%mdl 64] [#] Discovered Attack} 29. Bxe5 $2 (29. Bg3) 29... Rxf1+ 30. Kxf1 Rxe5 31. Rxe5 Bxe5 32. Qb6 Bg7 (32... Qf5+ $142 33. Kg1 Qb1+ 34. Kf2 Qc2+ 35. Kf3 d3 36. Ke4 Bh8 37. Qg1 d2+ 38. Ke3 d1=Q 39. Qxd1 Qxd1 40. b4 Bd4+ 41. Ke4 Bf6 42. Ke3 Bg5+ 43. Ke4 Qe2+ {[%mdl 64] Double Attack} 44. Kd4 Bf6+ 45. Kc5 Qe3+ 46. Kd6 Qe7#) 33. Qc5 d3 {( -> ...Qf5+)} 34. Kg1 d2 {Black mates.} 35. Qc2 Qxd5 36. Qd1 Qd4+ 37. Kf1 Qd3+ 38. Kg1 Qe3+ 39. Kh1 Qe1+ {[%mdl 64] Back Rank} 40. Qxe1 dxe1=Q# {Accuracy: White = 31%, Black = 49%.} 0-1

[Event "Stay Safe Play From Home 220"]
[Site "T#646737Emanuel Laske"]
[Date "2020.06.12"]
[Round "2"]
[White "Lazieri3"]
[Black "buzaglo"]
[Result "1-0"]
[WhiteElo "2000"]
[BlackElo "1935"]
[Annotator "TA"]
[PlyCount "83"]
[EventDate "2020.06.12"]
[EventType "swiss (blitz)"]

{[%evp 9,82,68,109,109,117,88,91,68,69,35,35,37,51,31,22,-12,49,42,44,33,125,123,132,93,131,118,149,102,152,137,156,120,166,167,175,149,176,132,144,145,141,95,198,185,258,251,295,166,161,158,174,146,406,421,398,387,582,604,703,606,550,576,641,384,2136,1920,1856,1734,29987,29988,29988,29989,29998,29999,29999]} 1. e4 e6 2. Nc3 d5 3. d4 dxe4 4. Nxe4 Nc6 5. Nf3 Bb4+ 6. c3 {C10: French with 3 Nc3: Unusual Black 3rd moves and 3...dxe4.} Be7 {[#]} 7. Bb5 $146 ({Predecessor:} 7. Bd3 Nf6 8. Qe2 a6 9. Bd2 Bd7 10. O-O-O a5 11. Kb1 a4 12. g4 a3 13. b3 {1-0 (37) Basque,R (1971)-Nambiar,A ICCF email 2009}) 7... Nf6 8. Nxf6+ {White is better.} (8. Bd3 {looks sharper.} b6 9. O-O O-O 10. Re1 Bb7 11. Qe2) 8... Bxf6 9. Bxc6+ bxc6 10. O-O O-O 11. Qe2 Bb7 12. Ne5 Bxe5 ({Better is} 12... c5 $11) 13. Qxe5 Qd5 14. Qxc7 Rab8 (14... c5 $1 $14 15. Qg3 cxd4) 15. f3 Rfc8 16. Qe5 Qb5 17. b3 Qd3 18. Qe3 Qg6 19. Re1 h5 20. Bb2 h4 21. h3 Re8 22. Qe4 Qg5 23. f4 Qf6 24. Qe5 Qg6 25. c4 Qc2 (25... c5 $16 {was called for.} 26. Re2 cxd4) 26. Re2 $36 {[%mdl 2048] White is really pushing.} Qd3 (26... Qf5 $142 27. Ba3 a5 28. Qxf5 exf5) 27. Rae1 Qg3 28. Qg5 (28. Qh5 $142) 28... Qxg5 29. fxg5 a5 {[#]} 30. g6 $1 {[%mdl 512]} f6 $2 {[%mdl 8192] A mistake that costs the game.} (30... fxg6 $16 {was worth a try.} 31. Ba3 (31. Rxe6 Kf7 $16) 31... Bc8) 31. Rxe6 Rxe6 32. Rxe6 {[%mdl 4096] Endgame KRB-KRB} a4 (32... Rd8 $142 33. Kf2 Bc8) 33. Re7 c5 34. dxc5 axb3 35. axb3 Bc6 36. Bd4 Rxb3 $2 (36... Be8 37. Re6 Bxg6) 37. Rc7 {Intending Rc8+ and mate.} Rb1+ 38. Kf2 {White threatens Rc8+ and mate.} Be8 {[#]} 39. Rc8 $1 {[%cal Rc8e8] White mates.} Kf8 40. c6 Rb4 41. Bc5+ {[%mdl 64] Double Attack} Kg8 42. Rxe8# {Accuracy: White = 53%, Black = 36%.} 1-0